Celebrities in Recovery! #3 - Statistics

General Stats
  • This quiz has been taken 25 times
  • The average score is 11 of 16
Answer Stats
Picture Answer % Correct
Brad Pitt
100%
Justin Bieber
100%
Jim Carrey
96%
Samuel L. Jackson
80%
Billy Joel
72%
Macaulay Culkin
72%
Sir Anthony Hopkins
72%
Ozzy Osbourne
68%
Robbie Williams
60%
Eric Clapton
56%
Bruce Springsteen
52%
Dennis Quaid
52%
Colin Farrell
48%
Gerald Butler
44%
Danny Trejo
40%
Simon Pegg
40%
No matching quizzes found
Score Distribution
Percent of People with Each Score
Percentile by Number Answered
Your Score History
You have not taken this quiz